Statistics for Biggest Trading Partners - Turkey

Click here to take the quiz!

General Stats

  • This quiz has been taken 9,901 times
    (9,797 since last reset)
  • The average score is 18 of 22

Answer Stats

Exports Imports Country % Correct
6.63 bil10.9 bilUnited States
98%
11.7 bil5.32 bilUnited Kingdom
98%
15.2 bilRussia
97%
25.6 bilChina
97%
14.0 bil21.5 bilGermany
96%
6.03 bil7.36 bilFrance
96%
7.58 bil10.2 bilItaly
93%
4.99 bil5.68 bilSpain
93%
5.76 bilIndia
90%
4.97 bil4.70 bilIran
90%
2.73 bilEgypt
88%
3.17 bil6.38 bilSaudi Arabia
88%
3.94 bilJapan
87%
7.64 bilIraq
86%
2.96 bilIsrael
74%
6.38 bilSouth Korea
71%
2.65 bil3.24 bilPoland
71%
3.59 bil3.00 bilNetherlands
68%
5.41 bil3.70 bilUnited Arab Emirates
67%
2.67 bilRomania
64%
3.20 bilBelgium
62%
2.68 bilSwitzerland
56%

Score Distribution

Percentile by Number Answered

Percent of People with Each Score

Your Score History

You have not taken this quiz since the last reset